000
00209 a2200097 4500
001
15222
100
_a
Ellacott S.E
245
_a
The story of aircraft
260
_a
London
_b
Methuen
_c
090
_c
11958
_d
11958
942
_a
NUST-CAE
_c
M
_c
2178
999
_c
250295
_d
250295